| 000 | 01176nam a22002775i 4500 | ||
|---|---|---|---|
| 999 |
_c27681 _d27652 |
||
| 003 | EG-ScBUE | ||
| 005 | 20191014154005.0 | ||
| 008 | 191014s1996 ua a f b 000 0 ara d | ||
| 017 | _a1996 / 10434 | ||
| 020 | _a9772232510 | ||
| 040 |
_aEG-ScBUE _bara _erda _cEG-ScBUE _dEG-ScBUE |
||
| 043 | _aa-ko--- | ||
| 082 | 0 | 4 |
_a338.95195 _bن م و _222 |
| 245 | 0 | 2 |
_aالنموذج الكوري للتنمية / _cتحرير د. محمد السيد سليم. |
| 264 | 1 |
_aالجيزة، مصر : _bمركز الدراسات الآسيوية، كلية الاقتصاد والعلوم السياسية، جامعة القاهرة، _c1996. |
|
| 300 |
_a700 صفحة : _bإيضاحيات ؛ _c24 سم |
||
| 336 |
_aنص _btxt _2rdacontent |
||
| 337 |
_aبدون وسيط _bn _2rdamedia |
||
| 338 |
_aمجلد _bnc _2rdacarrier |
||
| 504 | _aيشتمل على إرجاعات ببليوجرافية. | ||
| 541 |
_aDr. Gamal Selim ; _cDonation ; |
||
| 650 | 7 |
_aالتنمية الاقتصادية _zكوريا الجنوبية. _2BUEsh |
|
| 651 | 7 |
_aكوريا الجنوبية _xأحوال اقتصادية. _2BUEsh _927983 |
|
| 653 |
_bBUSBOL _bMASPPSS _cOctober2019 |
||
| 942 | _2ddc | ||